00609nam a2200181 a 4500008004100000020001900041020002800060020002700088050001800115100002000133245010100153260002700254300001900281350001100300490003200311500005100343650003300394190606s2011 ||||||||||||||||| || u a9780857292209  a085729220X (alk. paper) a9780857292216 (e-ISBN) aTP 245.H9 Bro aBroom, Darren P10aHydrogen storage materials: the characterisation of their storage propertiescby Darren P. Broom aLondonbSpringerc2011 axii, 258 pages a179.84 aGreen energy and technology aIncludes bibliographical references and index. 0aHYDROGEN--STORAGE--MATERIALS